000 00564nam a2200193Ia 4500
003 GCL
008 140319s9999 xx 000 0 ara d
040 _aGCL /
_cGCL
082 0 4 _a811.973
_bم ش
100 1 _aعزيز اباظة (تصوير)
245 1 0 _aالشعر العربى فى المهجر /
_cعزيز اباظة (تصوير)
300 _a295 ص
490 _a
650 0 4 _aالادب العربى
650 0 4 _aالمهجر
650 0 4 _aالشعراء العرب
650 0 4 _aالشعر العربى - تاريخ ونقد
942 _2ddc
_cBK
999 _c39407
_d39407